LEADER 01083nam a2200265 a 4500 001 000000127189 003 CaOOAMICUS 005 20111124102435.0 008 111124s1966 it ae u000 u ita r 040 $aPUL$bita 100 1 $aMatthiae, Guglielmo,$d1909-1977.$0(OLS)http://pul/name/4063 245 10$aS. Lorenzo fuori le mura /$cGuglielmo Matthiae. 260 $aRoma :$bMarietti,$c1966. 300 $a118 p., [1] p. di tav. ripieg. :$bill., piante ;$c17 cm 490 1 $aLe chiese di Roma illustrate ;$v89 500 $aInclude riferimenti bibliografici ed indici. 500 $aSulla coperta: Edizioni Roma. 651 4$aRoma$xChiese.$0(OLS)http://pul/subject/25282 830 3$aLe chiese di Roma illustrate ;$v89.$0(OLS)http://pul/title/1079 850 $aPUL 852 $aPUL$W1$xDP1 Fondo Maccarrone$y58$m1508 B 28$j147086$qFondi$B145783$CPULBib$Z2$F145783 $H02289 $82 941 1 $a1 996 $6245$aS. Lorenzo fuori le mura$9(OLS)http://pul/title/160694 996 $6260$aRoma :$bMarietti$9(OLS)http://pul/publisher/53040 LEADER 01313nam a2200301 a 4500 001 000000143342 003 CaOOAMICUS 005 20150518110835.0 008 150518m20139999it u000 u ita r 020 $a978-88-13-34470-2 (v. 3) 040 $aPUL$bita 082 04$a342.023 245 00$aCodice delle costituzioni /$ca cura di Mario Ganino. 260 $aPadova :$bCEDAM,$c2013- 300 $av. ;$c21 cm 490 1 $aDiritto pubblico comparato ed europeo 505 1 $aV. 3. Bulgaria, Estonia, Lettonia, Lituania, Polonia, Repubblica Ceca, Romania, Slovacchia, Slovenia, Ungheria e Russia. 650 4$aCostituzioni$xTesti.$0(OLS)http://pul/subject/41685 700 1 $aGanino, Mario.$0(OLS)http://pul/name/31091 830 0$aDiritto pubblico comparato ed europeo (CEDAM).$0(OLS)http://pul/title/181386 850 $aPUL 852 $aPUL$W1$xSL Diritto e Scienze Sociali 3$y79$m342. 023 GANMA 1.3$j165462$av. 3$qDDC 21$B165727$CPULBib$Z2$F165727 $H125694 $82 941 1 $a9 996 $6020$a978-88-13-34470-2 (v. 3)$9(OLS)http://pul/number/157542 996 $6082$a342.023$9(OLS)http://pul/classification/2761 996 $6245$aCodice delle costituzioni$9(OLS)http://pul/title/181385 996 $6260$aPadova :$bCEDAM$9(OLS)http://pul/publisher/48126